CARA TERBAIK MENULIS KARANGAN SPM / (Record no. 175307)
[ view plain ]
| 000 -LEADER | |
|---|---|
| fixed length control field | 01247nam a2200385 ia4500 |
| 001 - CONTROL NUMBER | |
| control field | vtls000854915 |
| 003 - CONTROL NUMBER IDENTIFIER | |
| control field | PNM |
| 005 - DATE AND TIME OF LATEST TRANSACTION | |
| control field | 20191218164039.0 |
| 008 - FIXED-LENGTH DATA ELEMENTS--GENERAL INFORMATION | |
| fixed length control field | 180604t20192019my d a000 0 may |
| 015 ## - NATIONAL BIBLIOGRAPHY NUMBER | |
| National bibliography number | M191-01715 |
| 020 ## - INTERNATIONAL STANDARD BOOK NUMBER | |
| International Standard Book Number | 9789834920098 |
| Qualifying information | paperback |
| Terms of availability | RM20.00 |
| 039 #9 - LEVEL OF BIBLIOGRAPHIC CONTROL AND CODING DETAIL [OBSOLETE] | |
| Level of rules in bibliographic description | 201909241123 |
| Level of effort used to assign nonsubject heading access points | siti |
| Level of effort used to assign subject headings | 201909241121 |
| Level of effort used to assign classification | siti |
| Level of effort used to assign subject headings | 201906120916 |
| Level of effort used to assign classification | mawarny |
| Level of effort used to assign subject headings | 201905081118 |
| Level of effort used to assign classification | yasmin |
| 040 ## - CATALOGING SOURCE | |
| Original cataloging agency | BNM |
| Language of cataloging | eng |
| Transcribing agency | BNM |
| Description conventions | rda |
| Modifying agency | PPAK |
| 049 ## - LOCAL HOLDINGS (OCLC) | |
| Holding library | mal |
| 082 04 - DEWEY DECIMAL CLASSIFICATION NUMBER | |
| Classification number | 499.2380076 |
| Edition number | 23 |
| 090 00 - LOCALLY ASSIGNED LC-TYPE CALL NUMBER (OCLC); LOCAL CALL NUMBER (RLIN) | |
| Classification number (OCLC) (R) ; Classification number, CALL (RLIN) (NR) | 499.2380076 |
| Feature heading | ABD |
| Feature heading | R |
| 100 0# - MAIN ENTRY--PERSONAL NAME | |
| Personal name | Abdul Ghalib Yunus, |
| Relator term | author. |
| 245 10 - TITLE STATEMENT | |
| Title | CARA TERBAIK MENULIS KARANGAN SPM / |
| Statement of responsibility, etc. | ABDUL GHALIB YUNUS, ALEX LEONG JUN WEI, WONG HOOI MUN |
| 264 #1 - PRODUCTION, PUBLICATION, DISTRIBUTION, MANUFACTURE, AND COPYRIGHT NOTICE | |
| Place of production, publication, distribution, manufacture | Kuala Lumpur : |
| Name of producer, publisher, distributor, manufacturer | Dewan Bahasa dan Pustaka, |
| Date of production, publication, distribution, manufacture, or copyright notice | 2019 |
| Date of production, publication, distribution, manufacture, or copyright notice | ©2019 |
| 300 ## - PHYSICAL DESCRIPTION | |
| Extent | x, 298 pages ; |
| Dimensions | 23 cm. |
| 336 ## - CONTENT TYPE | |
| Content type term | text |
| Source | rdacontent |
| 337 ## - MEDIA TYPE | |
| Media type term | unmediated |
| Source | rdamedia |
| 338 ## - CARRIER TYPE | |
| Carrier type term | volume |
| Source | rdacarrier |
| 490 1# - SERIES STATEMENT | |
| Series statement | Siri Pendidikan Bahasa |
| 650 10 - SUBJECT ADDED ENTRY--TOPICAL TERM | |
| Topical term or geographic name entry element | Malay language |
| General subdivision | Composition and exercises |
| Topical term or geographic name entry element | Government publications |
| Geographic subdivision | Malaysia |
| 700 1# - ADDED ENTRY--PERSONAL NAME | |
| Personal name | Leong, Alex Jun Wei, |
| Relator term | author. |
| Personal name | Wong, Hooi Mun, |
| Relator term | author. |
| 830 #0 - SERIES ADDED ENTRY--UNIFORM TITLE | |
| Uniform title | Siri pendidikan bahasa |
| 942 ## - ADDED ENTRY ELEMENTS (KOHA) | |
| Source of classification or shelving scheme | Dewey Decimal Classification |
| Koha item type | Book |
| 949 ## - LOCAL PROCESSING INFORMATION (OCLC) | |
| 6 | 2000677035 |
| 6 | 2000677034 |
| 6 | 2000677033 |
| Withdrawn | Not for loan | Current library | Shelving location | Date acquired | Full call number | Barcode | Date last seen | Koha item type |
|---|---|---|---|---|---|---|---|---|
| Not For Loan | Perpustakaan Alor Setar | Rujukan Dewasa | 12/12/2019 | R 499.2380076 ABD | A01622080 | 12/12/2019 | Book | |
| Not For Loan | Perpustakaan Awam Sungai Petani | Rujukan Dewasa | 12/12/2019 | R 499.2380076 ABD | A01622081 | 05/02/2020 | Book | |
| Not For Loan | Perpustakaan Baling | Rujukan Dewasa | 24/12/2019 | R 499.2380076 ABD | A01624382 | 24/12/2019 | Book | |
| Not For Loan | Perpustakaan Jitra | Rujukan Dewasa | 12/12/2019 | R 499.2380076 ABD | A01622082 | 12/12/2019 | Book | |
| Not For Loan | Perpustakaan Kulim | Rujukan Dewasa | 12/12/2019 | R 499.2380076 ABD | A01622084 | 12/12/2019 | Book | |
| Not For Loan | Perpustakaan Langkawi | Rujukan Dewasa | 12/12/2019 | R 499.2380076 ABD | A01622083 | 12/12/2019 | Book |